00911nmc a2200289 a 4500003000900000005001700009008004100026020001800067040001300085100002100098245002800119260003300147300003400180490003900214504002800253600003500281650003700316650002300353650002800376650003300404650002400437653002200461653002500483653003300508653003200541700004800573AR-BaBNM20251128204448.0115019s1993 ||||||||||||||000 | spa|| a950-13-6002-4 cAR-BaBNM1 aFaure, Madeleine10aEl jardín de infantes aBuenos AiresbKapeluszc19930 a139 p.bil., gráfs., tablas 0aBiblioteca de cultura pedagógica aContiene bibliografía14aFröbel, Friedrichd1782-1852 4aEDUCACION DE LA PRIMERA INFANCIA 4aEDUCACION DEL NINO 4aDESARROLLO COGNOSCITIVO 4aDESARROLLO DE LA CREATIVIDAD 4aDESARROLLO DEL NINO 0aEDUCACION INICIAL 0aJARDINES DE INFANTES 0aCENTROS DE EDUCACION INICIAL 0aNINOS DE JARDIN DE INFANTES1 aGuillén de Rezzano, Clotildeeprologuista